000 00558nam a2200193Ia 4500
005 20250508165113.0
008 008 250505s9999 xx 000 0 eng d
037 _aDissertations
040 _aFEDL
_beng
_cFEDL
041 _aeng
_2eng
084 _a370.19, SHA/DI
_qFEDL
100 _aSharma Shalini
245 0 _a1880-1920: Transition from village teacher to a civil servant
260 _c2011
300 _a121p.
546 _aM. Ed. Dissertation, (Delhi University)
942 _cDIS
_h370.19, SHA/DI
999 _c1393184
_d1393184